Azadi ki agnishikaye (Record no. 225424)

MARC details
000 -LEADER
fixed length control field 00608nam a22001817a 4500
005 - DATE AND TIME OF LATEST TRANSACTION
control field 20240613101450.0
008 - FIXED-LENGTH DATA ELEMENTS--GENERAL INFORMATION
fixed length control field 221203b ||||| |||| 00| 0 eng d
040 ## - CATALOGING SOURCE
Transcribing agency AL
041 ## - LANGUAGE CODE
Language code of text/sound track or separate title Hindi
082 ## - DEWEY DECIMAL CLASSIFICATION NUMBER
Edition number 23
Classification number H891.1
Item number MISA
100 ## - MAIN ENTRY--PERSONAL NAME
Personal name Shiv kumar mishra
100 ## - MAIN ENTRY--PERSONAL NAME
9 (RLIN) 170363
100 ## - MAIN ENTRY--PERSONAL NAME
9 (RLIN) 170362
Dates associated with a name शिवकुमार मिश्रा
245 ## - TITLE STATEMENT
Title Azadi ki agnishikaye
Remainder of title आज़ादी की अग्निशिखाएँ
260 ## - PUBLICATION, DISTRIBUTION, ETC.
Place of publication, distribution, etc. New Delhi
Name of publisher, distributor, etc. Indian Formers Fertilizer Cooperative Limited
Date of publication, distribution, etc. 1998
300 ## - PHYSICAL DESCRIPTION
Extent 298 p.
Other physical details HB
Dimensions 25x19 cm.
700 ## - ADDED ENTRY--PERSONAL NAME
Personal name MISHRA (Shiv Kumar)
9 (RLIN) 64683
942 ## - ADDED ENTRY ELEMENTS (KOHA)
Source of classification or shelving scheme Dewey Decimal Classification
Koha item type George Fernandes Collections
Holdings
Withdrawn status Lost status Source of classification or shelving scheme Damaged status Not for loan Collection code Home library Current library Date acquired Total Checkouts Full call number Barcode Date last seen Price effective from Koha item type
    Dewey Decimal Classification     Hindi St Aloysius Library St Aloysius Library 03/23/2013   H891.1 MISA GF02722 12/03/2022 12/03/2022 George Fernandes Collections